Když domy chrání zem

Domy pod zemou sú zatiaľ ignorovaným trendom nízkoenergetického bývania. Ako môže hlina ušetriť energiu. Príklady týchto stavieb v cudzine. Porovnanie energetickej náročnosti bežných domov, energeticky úsporných, nízkoenergetických, pasívnych domov.

Gespeichert in:
Bibliographische Detailangaben
1. Verfasser: Koutská, Magda
Format: Buchkapitel
Sprache:Tschechisch
Schlagworte:
Tags: Tag hinzufügen
Keine Tags, Fügen Sie das erste Tag hinzu!

MARC

LEADER 00000naa$a2200000$$$4500
001 0115774
005 20230804111840.8
041 0 |a cze 
044 |a CZ 
245 1 0 |a Když domy chrání zem  |c Magda Koutská 
520 |a Domy pod zemou sú zatiaľ ignorovaným trendom nízkoenergetického bývania. Ako môže hlina ušetriť energiu. Príklady týchto stavieb v cudzine. Porovnanie energetickej náročnosti bežných domov, energeticky úsporných, nízkoenergetických, pasívnych domov. 
610 2 0 |a bývanie 
610 2 0 |a stavby 
610 2 0 |a úspory energie 
610 2 0 |a Česko 
100 1 |a Koutská, Magda